| Registos Bibliográficos associados ao registo de autoridade |
|
Etiqueta de registo: 00254nam 2200025 450 001 2284352 003 http://id.bnportugal.gov.pt/bib/catbnp/2284352 100 ## $a20260414d2026 k y0pory01030103ba 101 0# $aeng$dpor 102 ## $aPT 105 ## $aa m 000yy 106 ## $ar 200 1# $aDeciphering the role of mycobacterial peptidoglycan modifications in host immune recognition
and antibiotic resistance of Mycobacterium tuberculosis$fCátia Raquel Lopes Silveiro$gorient. Maria João Gracias Fernandes da Costa Catalão, Rita Gonçalves Sobral de Almeida,
João Paulo dos Santos Gomes 210 #9 $aLisbooa$c[s.n.],$d2026 215 ## $a[4], XXXIV, 296 p.$cil.$d30 cm 300 ## $aAcesso não autorizado por um período de 3 anos 328 #1 $aTese dout. Farmácia (Microbiologia), Faculdade de Farmácia, Universidade de Lisboa,
2026 675 ## $a615.33.015(043)$vBN$zpor$31366031 675 ## $a616-002.5(043)$vBN$zpor$3844162 700 #1 $aSilveiro,$bCátia Raquel Lopes$31995665 702 #1 $aCatalão,$bMaria João Gracias Fernandes da Costa,$f1979-$4727$31466133 702 #1 $aAlmeida,$bRita Gonçalves Sobral de$4727$31865950 702 #1 $aGomes,$bJoão Paulo dos Santos,$f1971-$4727$31310027 801 #0 $aPT$bBN$gRPC 966 ## $lBN$mFGMON$sS.A. 193716 V.$x1 971 ## $cisantos$d20260414 972 ## $e0$z0$d20260430$vasantos 973 ## $cmlsousa$d20260428
|
|
|